Guess the Harry Styles song with no hints #2 - Statistics

General Stats
  • This quiz has been taken 149 times
  • The average score is 265 of 362
Answer Stats
Answer % Correct
a
100%
I
99%
the
95%
The
95%
You
95%
you
95%
be
92%
we
91%
We
91%
to
88%
to,
88%
your
87%
Your
87%
on
84%
and
83%
it's
82%
It's
82%
can
81%
of
81%
Just
79%
just
79%
me
79%
you're
79%
are
78%
time
76%
been
75%
here
74%
sign
74%
way
74%
before
73%
Before
73%
from
73%
times
73%
best
72%
crying,
72%
ever
72%
get
72%
got
72%
stop
72%
Stop
72%
is
71%
Why
71%
don't
69%
we've
69%
We've
69%
away
68%
away,
68%
can't
68%
know
68%
learn
68%
learn,
68%
learn?
68%
show
68%
good
67%
have
67%
wearing
67%
always
66%
But
66%
clothes
66%
final
66%
hope
66%
look
66%
never
66%
run
66%
sky
66%
Welcome
66%
too
65%
will
65%
Will
65%
bullet?
64%
down
64%
running
63%
all
62%
alright
62%
really
62%
life
61%
pretty
61%
that
61%
ain't
60%
gotta
60%
what
60%
baby,
58%
stuck
58%
They
58%
up
57%
talk
56%
bullets,
55%
bullets?
55%
it'll
55%
should
53%
door
52%
open
51%
much
49%
end
48%
near
47%
told
46%
everything
45%
bribe
44%
enough
44%
If
44%
again
41%
atmosphere
41%
meet
41%
Things
41%
somewhere
40%
Somewhere
40%
through
40%
far
39%
Remember
35%
Breaking
34%
No matching quizzes found
Score Distribution
Percent of People with Each Score
Percentile by Number Answered
Your Score History
You have not taken this quiz